The growth of cereals and grasses : proceedings of the Twelfth Easter School in Agricultural Science, University of Nottingham, 1965 /

Bibliographic Details
Corporate Author: Easter School in Agricultural Science University of Nottingham
Other Authors: Milthorpe, F. L. (Frederick Leon), Ivins, J. D.
Format: Conference Proceeding Book
Language:English
Published: London : Butterworths, 1966.
Subjects:

MARC

Tag First Indicator Second Indicator Subfields
LEADER 00000cam a2200000 4500
001 in00000042575
005 20151007074748.0
008 770117s1966 enka b 10010 eng
010 |a  66070113  
035 |a (OCoLC)02683122 
035 |9 AAF2051AM 
040 |a DLC  |c GZW  |d TXA  |d UtOrBLW 
049 |a TXAM  |c 1 [518566]  |c 2 [518567] 
050 0 0 |a SB189  |b .E3 1965 
082 0 |a 633.1 
092 |a 633.1063  |b E13g, 1965 
111 2 |a Easter School in Agricultural Science  |n (12th :  |d 1965 :  |c University of Nottingham) 
245 1 4 |a The growth of cereals and grasses :  |b proceedings of the Twelfth Easter School in Agricultural Science, University of Nottingham, 1965 /  |c edited by F. L. Milthorpe, J. D. Ivins. 
264 1 |a London :  |b Butterworths,  |c 1966. 
300 |a iii-xii, 359 unnumbered pages :  |b frontispiece, illustrations, tables, diagrams ;  |c 23 cm. 
336 |a text  |b txt  |2 rdacontent 
337 |a unmediated  |b n  |2 rdamedia 
338 |a volume  |b nc  |2 rdacarrier 
504 |a Includes bibliographical references and indexes. 
541 0 |a Donated by Dr. James D. Smith, April 1999. 
650 0 |a Grain  |v Congresses. 
650 0 |a Grasses  |x Congresses. 
650 0 |a Growth (Plants) 
700 1 |a Milthorpe, F. L.  |q (Frederick Leon) 
700 1 |a Ivins, J. D. 
999 |a MARS 
999 f f |s 3680f57b-b42c-3962-829d-886d9fc3fe8e  |i 103ff3f9-8a60-3a67-afd2-e98e2576caf1  |t 0 
952 f f |p ric  |a Texas A&M University  |b Rellis Campus  |c Joint Library Facility  |d Remote Storage  |t 0  |e SB189 .E3 1965  |h Library of Congress classification  |i unmediated -- volume  |m A14825087545 
998 f f |a SB189 .E3 1965  |t 0  |l Remote Storage